01971nam a22003857a 4500003000400000005001700004008004100021040002200062082001400084100005200098245004500150260005600195300001800251366000800269490002300277505005300300505029700353505008800650505011700738505011400855505001500969505001200984650004600996650005001042650004301092650004801135650004301183650004401226650005301270650004701323650004301370942002901413999001501442952012801457OSt20230413133602.0221006b |||||||| |||| 00| 0 eng d cBiblioteca Lado V a700bK41a 9798aAcosta de Arriba, Rafaeleeditoredirector aArte Cubano/bRevista de Artes Visuales/ bConsejo Nacional de las Artes Plasticasc2001aCuba c22x32cma98p. espa v2001a2x1024 8439 tAlliaEl espacio en el arte cubano contemporaneo tRuta CriticaaEl tiempo restaurado Lo que quieren es que las miren No hay que llorar: Que la historia es un carnaval La ciudad de las damas o el paradiso de la resistencia Jugando con Fuego Sutiles visitas a los arcanos Pa'ir tirando Lo provisional en la obra del Gabinete Ordo Amoris  tTranfiguraciones elastricas: transito y disidencia en el arte publico contemporaneo tPensando Alto A cargo de Magaly EspinosaaEl artista suficientemente bueno: mas allá del artista de vanguardia tOtros Espacios...aCuba: TatuArte la memoria Mas cerca un del otro: arte y comunicación en America Latina  tHistorieta tSummary 2Tesauro de Arte & ArquitecturaaARTE9703 2Tesauro de Arte & ArquitecturaaEXPOSICIONES  2Tesauro de Arte & ArquitecturaaBIENAL 2Tesauro de Arte & ArquitecturaaAPRECIACION 2Tesauro de Arte & ArquitecturaaTEORIA 2Tesauro de Arte & ArquitecturaaCRITICA 2Tesauro de Arte & ArquitecturaaFOTOGRAFIA 9702 2Tesauro de Arte & ArquitecturaaLITERATURA 2Tesauro de Arte & ArquitecturaaCUBANO 2ddcc1h701.18iA185an0 c3367d3367 00102ddc3200140708RevistasaLVbLVd2023-04-13h2i003253l0o701.18 A185ap003253r2023-04-13 00:00:00w2023-04-13y1